000 00584nam a22001817a 4500
008 130821s1925 enk gr eng
040 _aCo-BoUCM
_bspa
041 0 0 _aeng
100 _aKingsley, Charles
_9149753
245 0 0 _aHypatia or new foes with an old face
_cCharles Kingsley
260 _aLondres (Inglaterra)
_bJ. M. Dent and Sons
_c1925
300 _a438 páginas
500 _aIncluye introducción y prefacio
600 _aCastro Silva
_9563
650 0 4 _aNovela inglesa
_920530
942 _cLIBRO
_a18
_e1
_mK45
_n0
_2DEWEY
_h823
999 _c86069
_d86069